Bankové fúzie a akvizície
Podstata a príčiny bankových fúzií a akvizícií. Bankové fúzie v krajinách západnej Európy. Právna úprava fúzií v Európskej únii. Fúzie a akvizície v transformujúcich sa krajinách. Ďalší vývoj.
Salvato in:
| Autore principale: | |
|---|---|
| Natura: | Capitolo di libro |
| Lingua: | slovacco inglese |
| Soggetti: | |
| Tags: |
Nessun Tag, puoi essere il primo ad aggiungerne!!
|
MARC
| LEADER | 00000naa a2200000 4500 | ||
|---|---|---|---|
| 001 | r040297 | ||
| 005 | 20220601110657.7 | ||
| 041 | 0 | |a slo | |
| 041 | 0 | |a eng | |
| 044 | |a SK | ||
| 245 | 1 | 0 | |a Bankové fúzie a akvizície |c Otto Sobek |
| 520 | |a Podstata a príčiny bankových fúzií a akvizícií. Bankové fúzie v krajinách západnej Európy. Právna úprava fúzií v Európskej únii. Fúzie a akvizície v transformujúcich sa krajinách. Ďalší vývoj. | ||
| 610 | 2 | 0 | |a bankovníctvo |
| 610 | 2 | 0 | |a fúzie |
| 610 | 2 | 0 | |a akvizícia |
| 610 | 2 | 0 | |a pojmy |
| 610 | 2 | 0 | |a západná Európa |
| 610 | 2 | 0 | |a Európska únia |
| 610 | 2 | 0 | |a úpravy právne |
| 610 | 2 | 0 | |a SVE |
| 100 | 1 | |a Sobek, Otto | |